| 000 | 00230nam a22000857a 4500 | ||
|---|---|---|---|
| 999 |
_c17387 _d17387 |
||
| 003 | Nust | ||
| 005 | 20170407130838.0 | ||
| 008 | 150917t xxu||||| |||| 00| 0 eng d | ||
| 020 | _a978-0-323-07155-0 | ||
| 040 | _cASAB | ||
| 082 | _a612.015 | ||
| 100 |
_aGerhard Meisenberg _91199 |
||
| 245 |
_aprinciples of medical biochemistry _cby Gerhad Meisenberf, Wiliam H. Simmons |
||
| 250 | _a3rd Edition | ||
| 260 |
_bElsevier Saunders _c2012 |
||
| 300 | _a588 p | ||
| 942 |
_2ddc _cBK |
||